MDQL
is popping MORE tags! Check the
thread
!
Quizzes
Events
Quiz Creation
Community
Videos
Private Events
Remove Ads
Sign In
Join for FREE
Feedback
Dark Mode
Quiz Categories
Sports
Geography
Music
Movies
Television
Just For Fun
Miscellaneous
History
Literature
Language
Science
Gaming
Entertainment
Religion
Holiday
For Kids
Quiz Lab
Recent
Popular Today
Quiz Kudos Today
Editor Picks
Curator Picks
Quizzes by...
Day
Popularity
Type
Ratings
Length
Year
Community
Subscriptions
Recent Discussions
Orange Saloon
Badges
Playlists
Quests
Create
Leaderboards
Showdown
Live 5
Trivia Bingo
Activity
Puzzle Library
Sporcle Events
Private Events
Virtual Trivia
Globe League
Become a Host
Pub Owners
SporcleCon
Opinionation
Our Games
Videos
Blog
Mobile Apps
Partnerships
Remove Ads and Go Orange
Feedback
Television
TV Characters
TV Show
Sitcom
Network
Friends
Reality Shows
Cast
South Park
Star Trek
The Simpsons
Doctor Who
Television
TV Characters
TV Show
Sitcom
Network
Friends
Reality Shows
Cast
South Park
Star Trek
The Simpsons
Doctor Who
Random Quiz
Search Sporcle
×
Quiz Lab
Quiz Lab
Television
Numbers
Type in answers that appear in a list
Type in answers that appear in a list
Classic
Best Score? Go Orange.
Ouran High School Host Club Episode Titles Stats
Can you name the Ouran High School Host Club Episodes?
By
TwilightPrincess
12m
26 Questions
1,275 Plays
1,275 Plays
1,275 Plays
Comments
Comments
Give Quiz Kudos
Give Quiz Kudos
-
- Ratings
hide this ad
More Info
Replay
Link that replays current quiz
Next Quiz
Link to next quiz in quiz playlist
You Got
0%
They Got
Avg Score
53%
Avg Friend Score
Upgrade to see
Score Distribution
Jump to the score distribution portion of the page
Score
0/26
Timer
12:00
0
Plays Today
Episode Number
Episode Title
% Correct
1
Starting Today, You Are a Host!
78.9%
5
The Twins Fight!
72%
13
Haruhi in Wonderland!
64.9%
3
Beware the Physical Exam!
63.4%
12
Honey's Three Bitter Days!
62.5%
7
Jungle Pool SOS!
61.4%
26
This Is Our Ouran Fair!
60.4%
4
Attack of the Lady Manager!
60.2%
8
The Sun, the Sea, and the Host Club!
59.7%
2
The Job of a High School Host!
57.2%
17
Kyoya's Reluctant Day Out!
54.6%
20
The Door the Twins Opened!
54.3%
24
And so Kyoya Met Him!
54.2%
Episode Number
Episode Title
% Correct
10
A Day in the Life of the Fujioka Family!
52.6%
6
The Grade School Host is the Naughty Type!
52.5%
16
Operation Haruhi and Hikaru's First Date!
50.1%
21
Until the Day It Becomes a Pumpkin!
46.9%
11
Big Brother is a Prince!
45.8%
25
The Host Club Declares Dissolution!
45.6%
23
Tamaki's Unwitting Depression!
45.1%
9
A Challenge from Lobelia Girls' Academy!
43.7%
15
The Refreshing Battle in Karuizawa!
43.2%
19
Lobelia Girls' Academy Strikes Back!
41.7%
14
Covering the Famous Host Club!
41.4%
18
Chika's 'Down with Honey' Declaration!
40.3%
22
Mori-Senpai Has an Apprentice Candidate!
38.9%
Quiz Playlist
Details
Report
Send in Message
Add To Playlist
More Info:
NOTE: The episode titles to be guessed are their names in the ENGLISH-DUBBED VERSION of the show.
Classic:
Type in answers that appear in a list
Last Updated: Feb 16, 2017
Quiz Scoreboard
CHALLENGE
Sign Up to Join the Scoreboard
Show All
Scores
Hide
Comments
May contain spoilers
Recently Published
5x2 Blitz: Bands
by SL_Kpop136
Music
30s
Colored Red Africa Blitz
by spor1
Geography
30s
Find the 'City' Movie
by crazypaving
Movies
60s
More to Explore
Quiz From the Vault
Featured Blog Post
14 Easter Pick-up Lines to Find Eggs With
hide this ad
You Might Also Like...
Tags
Numbers Quiz
club
episode
host
ouran
school
Today's Top Quizzes in Television
Browse Television
hide this ad
Today's Top Quizzes in Numbers
Browse Numbers
Top Contributed Quizzes in Television
1
Survivor Journey Challenge
2
Brooklyn Nine Nine Logic Puzzle (How-To-Play)
3
Phoebe Buffay Quotes
4
Survivor Trivia
5
Survivor Logic Puzzle: Heroes vs. Villains
6
One Tree Hill Logic Puzzle
7
Survivor Heroes vs. Villains Logic Puzzle
8
All US Survivor Seasons in Order
9
Game of Thrones: Tywin Lannister Start to Finish
10
Emmerdale Characters (from August 2012)
Explore More
Trending Topics
Harry Potter
Disney
NBA
Crossword
Anime
Marvel
Kpop
NFL
Pokémon
The Office
Song
Soccer
Puzzle
WWE
Country
hide this ad
More By:
TwilightPrincess
Quiz
Plays
Rating
Category
Featured
Created
Ouran High School Host Club Episode Titles
1,275
4.67
Television
Feb 13, 2010
Twilight Princess KeyCharacters
1,113
3.00
Gaming
Feb 11, 2010
Go to Creator's Profile
Score Distribution
Quiz Creator Spotlight
TwilightPrincess
Follow
Send a Message
Quizzes Created
-
Created Quiz Play Count
-
More By This Creator
Popular Quizzes Today
1
Colored Red Africa Blitz
2
Find the 'City' Movie
3
Find the US States - No Outlines Minefield
4
5x2 Blitz: Bands
5
The Countries of the World
6
Find the US States
7
US States
8
9x9 Crossword: Cartoon Network
More Television Quizzes
More Follow That Line: The Good Place S1x11
Curator's Pick
Trending Quizzes
Colored Red Europe Blitz I
Colored Red Europe Blitz II
Colored Red Africa Blitz II
Colored Red Europe Blitz III
Colored Red Africa Blitz III
Recently Updated
How Do You Spell That?
pecheneg
Godzilla Movies
pecheneg
Grab Bag: 4-10 Letters
pecheneg
2024 March Madness Bracket
pecheneg
Famous TV Couples
Peacemaker
Champions League XIs: Real Madrid
pecheneg
Largest US Cities 1790-2010
pecheneg
Rides in Walt Disney World
pecheneg
Most Oscar Losses (Acting)
pecheneg
Beyoncé Albums
pecheneg
Trending Topics
Marvel
Anime
Harry Potter
Disney
NBA
Crossword
Kpop
Country
Song
The Office
Pokémon
Puzzle
Soccer
NFL
WWE
Your Account Isn't Verified!
In order to create a playlist on Sporcle, you need to verify the email address you used during registration. Go to your
Sporcle Settings
to finish the process.
Report this User
Report this user for behavior that violates our
Community Guidelines
.
Details:
Send Report
Go to the Sporcle.com Mobile Site →
Comments